000 00278nam a2200097Ia 4500
008 240331s9999 xx 000 0 und d
082 _bNAD
100 _aNadesan, S
245 4 _aThe JVP insurgency of 1971 :
_ba speech made in the Ceylon senate on 14th and 15th May 1971
942 _cL
999 _c2395
_d2395